United Nations disarmament year-book. V. 12 (Record no. 688680)
[ view plain ]
| 000 -LEADER | |
|---|---|
| fixed length control field | 00776nam a2200241Ia 4500 |
| 003 - CONTROL NUMBER IDENTIFIER | |
| control field | OSt |
| 005 - DATE AND TIME OF LATEST TRANSACTION | |
| control field | 20220927104759.0 |
| 008 - FIXED-LENGTH DATA ELEMENTS--GENERAL INFORMATION | |
| fixed length control field | 220926b |||||||| |||| 00| 0 eng d |
| 037 ## - SOURCE OF ACQUISITION | |
| Terms of availability | Reference Collections |
| 040 ## - CATALOGING SOURCE | |
| Original cataloging agency | RTL |
| Transcribing agency | RTL |
| Language of cataloging | eng |
| 041 ## - LANGUAGE CODE | |
| Source of code | eng |
| Language code of text/sound track or separate title | eng |
| 110 ## - MAIN ENTRY--CORPORATE NAME | |
| Corporate name or jurisdiction name as entry element | "United Nations, Disarnament affirs (deptt. for-)" |
| 9 (RLIN) | 367337 |
| 245 #0 - TITLE STATEMENT | |
| Title | United Nations disarmament year-book. V. 12 |
| 300 ## - PHYSICAL DESCRIPTION | |
| Extent | "xix, 505p" |
| Dimensions | cm. |
| 490 ## - SERIES STATEMENT | |
| Series statement | UN Publication Sales No E.88.ix.2) |
| 700 ## - ADDED ENTRY--PERSONAL NAME | |
| Personal name | "United Nations, Disarnament affirs (deptt. for-)" |
| 9 (RLIN) | 367338 |
| 942 ## - ADDED ENTRY ELEMENTS (KOHA) | |
| Classification part | "W:19(ZT)n 1N45, N76, M7.12" |
| Koha item type | |
| Withdrawn status | Lost status | Damaged status | Not for loan | Home library | Current library | Date acquired | Total Checkouts | Full call number | Barcode | Date last seen | Price effective from | Koha item type |
|---|---|---|---|---|---|---|---|---|---|---|---|---|
| Ratan Tata Library | Ratan Tata Library | 2022-09-27 | "W:19(ZT)n 1N45 N76 M7.12" | RT1083278 | 2022-09-27 | 2022-09-27 |
